| 000 | 00958nam a22002057a 4500 | ||
|---|---|---|---|
| 003 | OSt | ||
| 005 | 20251211143213.0 | ||
| 008 | 251211b |||||||| |||| 00| 0 eng d | ||
| 040 | _cDCL | ||
| 082 | _a၂၉၄.၃၆၃ | ||
| 245 | 0 | 0 |
_aဝင်၉-ဝင်ဝတ္တု၊ _n(ဒုတိယတွဲ) _bဗုဒ္ဓဝင်ဝတ္ထု၊ ရွှေပြည်ဝင်ဝတ္ထု၊ ထူပဝင်ဝတ္ထု / |
| 250 | _aဆဋ္ဌမအကြိမ်။ | ||
| 264 |
_aရန်ကုန် ၊ _bသာသနာရေးဦးစီး၊ _c၂၀၁၆။ |
||
| 300 |
_a၅၀၃-၉၈၄ စာမျက်နှာ ၊ _c၂၆ စင်တီ။ |
||
| 650 | _aဗုဒ္ဓဝင်။ | ||
| 650 | _aဗုဒ္ဓဝင်ဝတ္ထု။ | ||
| 650 | _aရွှေပြည်ဝင်ဝတ္ထု။ | ||
| 650 | _aထူပဝင်ဝတ္ထု။ | ||
| 942 |
_2ddc _cSHORT TERM _n0 |
||
| 999 |
_c2687 _d2687 |
||